[Event "CZE-chT1E 1819"]
[Site "Czech Republic"]
[Date "2018.10.21"]
[Round "1.3"]
[White "Malik, Jan"]
[Black "Skalsky, Alexandr"]
[Result "1/2-1/2"]
[WhiteElo "2300"]
[BlackElo "2240"]
[PlyCount "57"]
[EventDate "2018.10.21"]
[EventType "team-tourn"]
[EventRounds "11"]
[EventCountry "CZE"]
[SourceTitle "CBM 187 Extra"]
[Source "ChessBase"]
[SourceDate "2018.11.04"]
[SourceVersion "1"]
[SourceVersionDate "2018.11.04"]
[SourceQuality "1"]
[WhiteTeam "Ostrava"]
[BlackTeam "Stare Mesto"]
[WhiteTeamCountry "CZE"]
[BlackTeamCountry "CZE"]

1. e4 c5 2. Nf3 g6 3. d4 cxd4 4. Nxd4 Nc6 5. Nc3 Bg7 6. Be3 Nf6 7. Bc4 0-0 8. Bb3 Re8 9. 0-0 d6 10. h3 Na5 11. Qd2 a6 12. Rae1 b5 13. Bh6 Bxh6 14. Qxh6 e5 15. Nf3 Nxb3 16. axb3 Qe7 17. b4 Bb7 18. Re3 Nh5 19. Rd1 Red8 20. Nd5 Bxd5 21. Rxd5 Nf4 22. Rd1 a5 23. bxa5 Rxa5 24. g3 Ne6 25. b4 Ra2 26. c3 Rc8 27. Red3 Rc6 28. h4 Qa7 29. R1d2 1/2-1/2